Machining and CNC technology / (Record no. 33555)

000 -LEADER
fixed length control field 00976cam a22003258i 4500
001 - CONTROL NUMBER
control field 17627565
003 - CONTROL NUMBER IDENTIFIER
control field OSt
005 - DATE AND TIME OF LATEST TRANSACTION
control field 20211216144731.0
008 - FIXED-LENGTH DATA ELEMENTS--GENERAL INFORMATION
fixed length control field 130215s2014 nyu f 001 0 eng
010 ## - LIBRARY OF CONGRESS CONTROL NUMBER
LC control number 2012047223
020 ## - INTERNATIONAL STANDARD BOOK NUMBER
International Standard Book Number 9781259097164
038 ## - RECORD CONTENT LICENSOR
Staff Name Khadija
040 ## - CATALOGING SOURCE
Original cataloging agency DLC
Language of cataloging eng
Transcribing agency DLC
Description conventions rda
042 ## - AUTHENTICATION CODE
Authentication code pcc
050 00 - LIBRARY OF CONGRESS CALL NUMBER
Classification number TJ1165
Item number .F566 2014
082 00 - DEWEY DECIMAL CLASSIFICATION NUMBER
Classification number 671.35
Edition number 23
Author Mark FIT
100 1# - MAIN ENTRY--PERSONAL NAME
Personal name Fitzpatrick, Michael,
Dates associated with a name 1945-
9 (RLIN) 86762
245 10 - TITLE STATEMENT
Title Machining and CNC technology /
Statement of responsibility, etc. Michael Fitzpatrick.
246 3# - VARYING FORM OF TITLE
Title proper/short title Machining and computer numerical control technology
250 ## - EDITION STATEMENT
Edition statement Third edition.
263 ## - PROJECTED PUBLICATION DATE
Projected publication date 1401
300 ## - PHYSICAL DESCRIPTION
Extent pages cm
500 ## - GENERAL NOTE
General note Includes index.
563 ## - BINDING INFORMATION
Binding note PB
650 #0 - SUBJECT ADDED ENTRY--TOPICAL TERM
Topical term or geographic name entry element Machining
Form subdivision Handbooks, manuals, etc.
9 (RLIN) 86763
650 #0 - SUBJECT ADDED ENTRY--TOPICAL TERM
Topical term or geographic name entry element Machine-tools
General subdivision Numerical control
Form subdivision Handbooks, manuals, etc.
9 (RLIN) 86764
906 ## - LOCAL DATA ELEMENT F, LDF (RLIN)
a 7
b cbc
c orignew
d 1
e ecip
f 20
g y-gencatlg
942 ## - ADDED ENTRY ELEMENTS (KOHA)
Source of classification or shelving scheme
Koha item type Book
Holdings
Withdrawn status Lost status Source of classification or shelving scheme Damaged status Not for loan Permanent Location Current Location Shelving location Date acquired Full call number Barcode Date last seen Price effective from Koha item type
          School of Mechanical & Manufacturing Engineering (SMME) School of Mechanical & Manufacturing Engineering (SMME) General Stacks 05/05/2016 671.35 FIT SMME-2653 04/05/2018 05/05/2016 Book
© 2023 Central Library, National University of Sciences and Technology. All Rights Reserved.